000 00716cam a2200253 4500500
005 20260329004730.0
041 _afre
042 _adc
100 1 0 _aEnjalbert, Cédric
_eauthor
245 0 0 _aFrançois Jullien. L’art d’agir sans méthode
260 _c2021.
500 _a92
690 _aChine
690 _aCrise
690 _aFrançois Jullien
690 _aGrèce
690 _aImprovisation
690 _aLogique
690 _aPlanification
690 _astratégie
690 _aUtopie
786 0 _nPhilosophie magazine | 146 | 2 | 2021-02-01 | p. 52-53 | 1951-1787
856 4 1 _uhttps://shs.cairn.info/magazine-philosophie-magazine-2021-2-page-52?lang=fr&redirect-ssocas=7080
999 _c1836759
_d1836759